Top 100 Countries by Crime Rate - Statistics

General Stats
  • This quiz has been taken 850 times
  • The average score is 67 of 100
Answer Stats
# Answer % Correct
49 United States
96%
62 United Kingdom
91%
36 Mexico
89%
77 Russia
89%
7 Brazil
88%
98 China
87%
63 India
87%
51 France
86%
32 Colombia
84%
45 Iran
84%
48 Iraq
84%
53 Egypt
83%
3 South Africa
83%
1 Venezuela
83%
94 Spain
82%
19 Argentina
81%
76 Canada
81%
42 Chile
80%
88 Germany
80%
72 Australia
79%
64 Italy
79%
81 Turkey
79%
16 Nigeria
78%
65 Pakistan
78%
57 Indonesia
77%
4 Afghanistan
76%
14 Peru
76%
46 Ukraine
76%
100 Portugal
75%
50 Sweden
75%
44 Morocco
74%
5 Honduras
73%
10 Syria
73%
79 Thailand
73%
9 El Salvador
72%
56 Panama
72%
92 Poland
72%
30 Somalia
72%
37 Uruguay
72%
40 Algeria
71%
21 Dominican Republic
71%
38 Ecuador
71%
74 Greece
71%
41 Paraguay
71%
24 Guatemala
70%
59 Ireland
70%
70 New Zealand
69%
54 Vietnam
69%
99 Israel
68%
11 Jamaica
68%
89 Norway
68%
29 Bolivia
67%
33 Kazakhstan
67%
18 Libya
67%
60 Nicaragua
67%
84 Serbia
67%
31 Costa Rica
66%
43 Ethiopia
66%
8 Guyana
64%
20 Kenya
63%
25 Malaysia
63%
80 Albania
62%
83 Bulgaria
62%
69 Philippines
62%
15 Bangladesh
61%
61 Belguim
61%
27 Mongolia
61%
71 Tunisia
61%
39 Cambodia
60%
66 Lebanon
59%
52 Myanmar
59%
86 Nepal
59%
13 Angola
58%
67 Bosnia and Herzegovina
58%
87 Hungary
58%
47 Ghana
57%
75 Jordan
57%
23 Zimbabwe
57%
85 Latvia
56%
91 Lithuania
56%
2 Papua New Guinea
55%
78 Sri Lanka
55%
95 Azerbaijan
54%
26 Tanzania
54%
68 Zambia
54%
12 Namibia
53%
35 Botswana
52%
17 Bahamas
51%
28 Uganda
51%
58 Moldova
50%
97 Singapore
50%
73 Montenegro
47%
6 Trinidad and Tobago
46%
96 Cyprus
44%
22 Fiji
43%
90 Kuwait
41%
82 Malta
41%
34 Maldives
39%
93 Luxembourg
32%
55 Mauritius
29%
No matching quizzes found
Score Distribution
Percent of People with Each Score
Percentile by Number Answered
Your Score History
You have not taken this quiz